Sorok pervyi.

Bibliographic Details
Main Author: Lavrenev, Boris, 1891-1959
Format: Book
Language:Russian
Published: [Moskva] : [Khudozh. lit-ra], [1966]

MARC

Tag First Indicator Second Indicator Subfields
LEADER 00000cam a2200000 4500
001 in00000023370
005 20151007064412.0
008 760115r1966 ru a 00001 rusr
010 |a  68047117  
035 |a (OCoLC)01929796 
035 |9 AAD9751AM 
040 |a DLC  |c GYG  |d GYG  |d TXA  |d UtOrBLW 
049 |a TXAM  |c [923152] 
050 0 0 |a PG3476.L4  |b S6 1966 
092 |a 891.7  |b L399s 
100 1 |a Lavrenev, Boris,  |d 1891-1959. 
245 1 0 |a Sorok pervyi. 
264 1 |a [Moskva] :  |b [Khudozh. lit-ra],  |c [1966] 
300 |a 75 pages :  |b color illustrations ;  |c 22 cm. 
336 |a text  |b txt  |2 rdacontent 
337 |a unmediated  |b n  |2 rdamedia 
338 |a volume  |b nc  |2 rdacarrier 
500 |a In Cyrillic characters. 
999 |a MARS 
999 f f |s 8cb5361a-378b-33f6-a590-70a1f16ac266  |i fdc70c80-f9db-3266-9c6e-a26cda652f79  |t 0 
952 f f |p ric  |a Texas A&M University  |b Rellis Campus  |c Joint Library Facility  |d Remote Storage  |t 0  |e PG3476.L4 S6 1966  |h Library of Congress classification  |i unmediated -- volume  |m A14803629389 
998 f f |a PG3476.L4 S6 1966  |t 0  |l Remote Storage